| 000 -LEADER |
| fixed length control field |
00797cam a2200229 i 4500 |
| 001 - CONTROL NUMBER |
| control field |
18800534 |
| 005 - DATE AND TIME OF LATEST TRANSACTION |
| control field |
20221110164402.0 |
| 008 - FIXED-LENGTH DATA ELEMENTS--GENERAL INFORMATION |
| fixed length control field |
150930s2015 enka b 001 0 eng |
| 020 ## - INTERNATIONAL STANDARD BOOK NUMBER |
| International Standard Book Number |
9781107111813x |
| 041 ## - LANGUAGE CODE |
| Language code of text/sound track or separate title |
eng |
| 080 ## - UNIVERSAL DECIMAL CLASSIFICATION NUMBER |
| Universal Decimal Classification number |
342.5 S-31 |
| 100 1# - MAIN ENTRY--PERSONAL NAME |
| Personal name |
Schütze, Robert. |
| 9 (RLIN) |
9679 |
| 245 12 - TITLE STATEMENT |
| Title |
An introduction to European law / |
| Statement of responsibility, etc. |
Robert Schütze. |
| 250 ## - EDITION STATEMENT |
| Edition statement |
Second edition. |
| 264 #1 - PRODUCTION, PUBLICATION, DISTRIBUTION, MANUFACTURE, AND COPYRIGHT NOTICE |
| Place of production, publication, distribution, manufacture |
Cambridge, United Kingdom : |
| Name of producer, publisher, distributor, manufacturer |
Cambridge University Press, |
| Date of production, publication, distribution, manufacture, or copyright notice |
2015. |
| 300 ## - PHYSICAL DESCRIPTION |
| Extent |
xxxvii, 345 pages : |
| Other physical details |
illustrations ; |
| Dimensions |
24 cm. |
| 653 ## - INDEX TERM--UNCONTROLLED |
| keyword |
An Introduction to European Law |
| 653 ## - INDEX TERM--UNCONTROLLED |
| keyword |
ევროპული სამართლის შესავალი |
| 653 ## - INDEX TERM--UNCONTROLLED |
| keyword |
Введение в европейское право |
| 653 ## - INDEX TERM--UNCONTROLLED |
| keyword |
სამართალი |
| 942 ## - ADDED ENTRY ELEMENTS (KOHA) |
| Source of classification or shelving scheme |
|
| Koha item type |
წიგნი |